000 00747nam a22002057a 4500
005 20170821102705.0
020 _c500.00
_a9789384852474
035 _aB-667830
037 _aDPL
_bRHSP/Ven.
082 _a340.1
100 _aParanjape, N.V
245 _aStudies in jurisprudence and legal theory /
_cby N.V.Paranjape
250 _a87th ed
260 _aAllahabad
_bCentral Law Agency
_c2016
270 _a30-D/1, Motilal Nehru Road,
_bAllahabad
300 _axl,640p.
_c23cm(pbk)
500 _aIncludes index
942 _2ddc
_cEN
_h340.1
_mPAR
999 _c143578
_d143578